000 01186cam a2200277 i 4500
003 SA-RiAUC
005 20260201122847.0
008 260128s1989 mr g b 00000dara c
040 _aSA-JeALM
_bara
_cSA-RiAUC
_erda
082 0 4 _a253
_qSA-RiAUC
090 _a253
_bس ل ا
100 1 _aسلامة، محمد.
_eمؤلف.
245 1 0 _aفقه ابن عمر في المعاملات /
_cإعداد محمد سلامة .
264 1 _aالرباط :
_bوزارة الأوقاف و الشؤون الإسلامية،
_c1989
300 _a333 صفحة ؛
_c24 سم
336 _aنص
_btxt
_2rdacontent
_3كتاب
337 _aبدون وسيط
_bn
_2rdamedia
500 _aختم اهداء من المؤلف محمد سلامة الى الشيخ رحمه الله
504 _aببليوجرافية : صفحة 323-325.
600 0 7 _aعبد الله بن عمر بن الخطاب العدوي،
_d10 قبل الهجرة-73 هجري
_2aucnm
650 7 _aالمعاملات (فقه إسلامي)
_2aucsh
650 7 _aالإسلام والاقتصاد
_2aucsh
650 7 _aالفقه الإسلامي
_2aucsh
942 _2ddc
_cBOOK
_n0
949 _aSA-JeALM
_d260128
_uosman123
_n1
999 _c14206
_d14206